MDQL
is popping MORE tags! Check the
thread
!
Quizzes
Events
Quiz Creation
Community
Videos
Private Events
Remove Ads
Sign In
Join for FREE
Feedback
Dark Mode
Quiz Categories
Sports
Geography
Music
Movies
Television
Just For Fun
Miscellaneous
History
Literature
Language
Science
Gaming
Entertainment
Religion
Holiday
For Kids
Quiz Lab
Recent
Popular Today
Quiz Kudos Today
Editor Picks
Curator Picks
Quizzes by...
Day
Popularity
Type
Ratings
Length
Year
Community
Subscriptions
Recent Discussions
Orange Saloon
Badges
Playlists
Quests
Create
Leaderboards
Showdown
Live 5
Trivia Bingo
Activity
Puzzle Library
Sporcle Events
Private Events
Virtual Trivia
Globe League
Become a Host
Pub Owners
SporcleCon
Opinionation
Our Games
Videos
Blog
Mobile Apps
Partnerships
Remove Ads and Go Orange
Feedback
Music
Pop Music
The Beatles
Song
Album
Lyrics
Bands
Singers
Artist
Clip
Rock
Rap
Classical
Billboard
Country Music
Kpop
Taylor Swift
Music
Pop Music
The Beatles
Song
Album
Lyrics
Bands
Singers
Artist
Clip
Rock
Rap
Classical
Billboard
Country Music
Kpop
Taylor Swift
Random Quiz
Search Sporcle
×
Quiz Lab
Quiz Lab
Music
Working
Type in answers that appear in a list
Type in answers that appear in a list
Classic
Best Score? Go Orange.
'Working For The Weekend' Lyrics Stats
Name the lyrics to 'Working For The Weekend' by Loverboy
By
Rat_Salad
10m
190 Questions
297 Plays
297 Plays
297 Plays
Comments
Comments
Give Quiz Kudos
Give Quiz Kudos
-
- Ratings
hide this ad
Replay
Link that replays current quiz
Next Quiz
Link to next quiz in quiz playlist
You Got
0%
They Got
Avg Score
93%
Avg Friend Score
Upgrade to see
Score Distribution
Jump to the score distribution portion of the page
Score
0/190
Timer
10:00
0
Plays Today
Lyric
% Correct
the
100%
a
100%
the
100%
a
100%
the
100%
the
100%
the
100%
a
100%
the
100%
a
100%
the
100%
the
100%
the
100%
the
100%
the
100%
the
100%
for
99%
wanna
99%
wanna
99%
for
99%
wanna
99%
wanna
99%
wanna
99%
wanna
99%
wanna
99%
wanna
99%
working
98.7%
weekend.
98.7%
working
98.7%
weekend.
98.7%
you
98.3%
you,
98.3%
you
98.3%
You
98.3%
of
98.3%
You
98.3%
You
98.3%
you.
98.3%
you
98.3%
You
98.3%
of
98.3%
You
98.3%
You
98.3%
You
98.3%
of
98.3%
You
98.3%
You
98.3%
You
98.3%
of
98.3%
You
98.3%
You
98.3%
ooh.
98%
Everybody's
98%
Everybody's
98%
ohh.
98%
in
98%
Everybody's
98%
Everybody's
98%
ohh.
98%
in
98%
in
98%
in
98%
go!
97.6%
work
97.6%
Lyric
% Correct
go!
97.6%
go!
97.6%
go!
97.6%
Everybody
97.3%
Everybody
97.3%
Everybody
97.3%
Everybody
97.3%
piece
97%
my
97%
be
97%
piece
97%
my
97%
be
97%
piece
97%
my
97%
be
97%
piece
97%
my
97%
be
97%
to
96.6%
to
96.6%
heart?
96.6%
to
96.6%
to
96.6%
heart?
96.6%
heart?
96.6%
heart?
96.6%
come
96%
Come
96%
come
96%
Come
96%
Come
96%
Come
96%
wants
94.6%
romance.
94.6%
start
94.6%
start.
94.6%
show?
94.6%
wants
94.6%
wants
94.6%
romance.
94.6%
start
94.6%
start.
94.6%
show?
94.6%
start
94.6%
start.
94.6%
show?
94.6%
start
94.6%
start.
94.6%
show?
94.6%
on,
94.3%
on,
94.3%
on,
94.3%
on,
94.3%
let's
93.6%
let's
93.6%
let's
93.6%
let's
93.6%
needs
93.3%
needs
93.3%
from
92.9%
from
92.9%
from
92.9%
from
92.9%
Lyric
% Correct
chance,
92.6%
chance,
92.6%
it
92.3%
it
92.3%
it
92.3%
it'll
92.3%
Everyone's
91.9%
Everyone's
91.9%
Everyone's
91.9%
Everyone's
91.9%
second
91.9%
Everyone's
91.9%
Everyone's
91.9%
Everyone's
91.9%
second
91.9%
see
91.6%
see
91.6%
do.
91.2%
will
90.6%
will
90.6%
better
90.6%
Everyone
90.6%
better
90.6%
better
90.6%
better
90.6%
out
89.9%
deep
89.9%
out.
89.9%
out.
89.9%
deep
89.9%
what
89.6%
off
89.6%
end.
89.6%
baby
89.6%
off
89.6%
end.
89.6%
baby
89.6%
baby
89.6%
baby
89.6%
going
88.9%
going
88.9%
looking
87.9%
at
87.9%
looking
87.9%
if
86.9%
tonight?
86.2%
wondering
84.5%
get
83.8%
get
83.8%
right,
83.5%
right.
83.5%
all
82.5%
watching
82.2%
was
79.5%
trying
76.8%
hoping
73.7%
through.
72.7%
waiting
59.6%
they're
47.5%
holding
41.1%
little
40.1%
little
40.1%
Quiz Playlist
Details
Report
Send in Message
Add To Playlist
Classic:
Type in answers that appear in a list
Last Updated: Feb 16, 2017
Quiz Scoreboard
CHALLENGE
Sign Up to Join the Scoreboard
Show All
Scores
Hide
Comments
May contain spoilers
Recently Published
Colored Red Africa Blitz
by spor1
Geography
30s
Find the 'City' Movie
by crazypaving
Movies
60s
5x2 Blitz: Bands
by SL_Kpop136
Music
30s
More to Explore
Quiz From the Vault
Featured Blog Post
14 Easter Pick-up Lines to Find Eggs With
hide this ad
You Might Also Like...
Tags
Weekend
Working
Today's Top Quizzes in Music
Browse Music
hide this ad
Today's Top Quizzes in Working
Browse Working
Top Contributed Quizzes in Music
1
5X2 Blitz: Bands II
2
5X2 Blitz: The Beatles
3
Taylor Swift All Songs (2024)
4
5X2 Blitz: Billboard
5
Taylor Swift Logic Puzzle II
6
5X2 Blitz: Billboard II
7
5X2 Blitz: Singers
8
5X2 Blitz: Album
9
5X2 Blitz: Rock
10
5X2 Blitz: Lyrics
Explore More
Trending Topics
Disney
Kpop
Marvel
Anime
Crossword
NBA
Harry Potter
Song
Country
WWE
Puzzle
Soccer
The Office
Pokémon
NFL
hide this ad
More By:
Rat_Salad
Quiz
Plays
Rating
Category
Featured
Created
'Runaway Train' Lyrics
1,562
4.60
Music
Oct 28, 2015
'H.' Lyrics
488
5.00
Music
Aug 27, 2015
'Overkill' Lyrics
448
5.00
Music
Jul 26, 2015
'Black No. 1' lyrics
353
4.00
Music
Aug 8, 2015
'Working For The Weekend' Lyrics
297
5.00
Music
Aug 13, 2015
Go to Creator's Profile
Score Distribution
Quiz Creator Spotlight
Rat_Salad
Follow
Send a Message
Quizzes Created
-
Created Quiz Play Count
-
More By This Creator
Popular Quizzes Today
1
Colored Red Africa Blitz
2
Find the 'City' Movie
3
5x2 Blitz: Bands
4
Find the US States - No Outlines Minefield
5
The Countries of the World
6
Find the US States
7
US States
8
Find the Countries of Europe - No Outlines Minefield
More Music Quizzes
Who Do You Love (Lyrics) - The Chainsmokers (ft. 5SOS)
Quiz Lab
Trending Quizzes
Colored Red Europe Blitz I
Colored Red Europe Blitz II
Colored Red Africa Blitz II
Colored Red Europe Blitz III
Colored Red Africa Blitz III
Recently Updated
How Do You Spell That?
pecheneg
Godzilla Movies
pecheneg
Grab Bag: 4-10 Letters
pecheneg
2024 March Madness Bracket
pecheneg
Famous TV Couples
Peacemaker
Champions League XIs: Real Madrid
pecheneg
Largest US Cities 1790-2010
pecheneg
Rides in Walt Disney World
pecheneg
Most Oscar Losses (Acting)
pecheneg
Beyoncé Albums
pecheneg
Trending Topics
Anime
Marvel
Crossword
Disney
Harry Potter
NBA
Kpop
Pokémon
WWE
Country
The Office
Soccer
Puzzle
NFL
Song
Your Account Isn't Verified!
In order to create a playlist on Sporcle, you need to verify the email address you used during registration. Go to your
Sporcle Settings
to finish the process.
Report this User
Report this user for behavior that violates our
Community Guidelines
.
Details:
Send Report
Go to the Sporcle.com Mobile Site →
Comments